000 00569ntaaa2200205 4500
003 01
005 20251027202638.0
008 0714s1973 ag 01
040 _aAR-BaBN
_bspa
_cAR-BaBN
_eaacr
_dRIC
082 _a372.4 Am5
100 _aDe Amicis, Edmondo
_d1846-1908
_925853
245 _aCorazón /
_cEdmondo De Amicis
260 _aBuenos Aires :
_bSigmar,
_c1962
300 _a60 p.
500 _aBAJA PATRIMONIAL POR DETERIORO 20190405
650 _aLiteratura italiana
_925854
650 _aLiteratura juvenil
_925855
650 _aNovela
_96781
942 _cBK
999 _c21608
_d21608